000 00432cam a2200181ua 4500
020 _c1.25
041 _amal
_h
082 _a894.812 301
_bKRI/PA
100 _aKrishnan, T V .
245 _aPadinjaran kathakal /
_cT V Krishnan.
_hTextual Documents
250 _a1 /
_b.
260 _aKottayam :
_bNational Book Stall ,
_c1957.
300 _a ; .
365 _a1.25
504 _a
942 _cBK
999 _c6497
_d6497